textbook of Inorganic chemistry (Record no. 381477)

000 -LEADER
fixed length control field 00232 a2200097 4500
090 ## - LOCALLY ASSIGNED LC-TYPE CALL NUMBER (OCLC); LOCAL CALL NUMBER (RLIN)
-- 16957
-- 16957
100 ## - MAIN ENTRY--PERSONAL NAME
Personal name Sidhwa, J B
245 ## - TITLE STATEMENT
Title textbook of Inorganic chemistry
260 ## - PUBLICATION, DISTRIBUTION, ETC.
Place of publication, distribution, etc.
Name of publisher, distributor, etc. Iqbal Publisher
Date of publication, distribution, etc.
942 ## - ADDED ENTRY ELEMENTS (KOHA)
Institution code [OBSOLETE] NUST-CAE
Koha item type
--
Holdings
Withdrawn status Lost status Damaged status Not for loan Permanent Location Current Location Date acquired Total Checkouts Barcode Date last seen Price effective from Koha item type
        College of Aeronautical Engineering (CAE) College of Aeronautical Engineering (CAE) 03/28/2018   CAE10297 03/28/2018 03/28/2018 Book
© 2023 Central Library, National University of Sciences and Technology. All Rights Reserved.